000
00312nam a22001337a 4500
020
_a
0-00-674848-1
082
_a
823
_b
AND/C
100
_a
SCOULAR ANDERSON
245
_a
CLOGPOTS IN SPACE
260
_a
UNITED KINGDOM
_b
COLLINS
_c
1994
300
_a
64
650
_a
CHILDREN'S STORY BOOKS
_z
UNITED KINGDOM
942
_c
BK
999
_c
52
_d
52